Sports Quiz

Random Sports or Football Quiz

NFL Top 100 Passers (2000s) Quiz Stats

Quiz Updated Nov 3, 2016

Challenge
Share
Tweet
Embed
Score 0/100 Timer 11:00
2 Plays Today
Yards Player % Correct
42,254Peyton Manning
99.5%
18,644Eli Manning
98.9%
30,844Tom Brady
98.8%
38,435Brett Favre
98%
30,646Drew Brees
97.3%
31,925Donovan McNabb
95.7%
27,952Kurt Warner
94.1%
15,045Tony Romo
87.4%
26,537Matt Hasselbeck
86.4%
18,724Carson Palmer
85.8%
14,951Philip Rivers
85.1%
19,302Ben Roethlisberger
85.1%
11,591Michael Vick
84.7%
12,690Jay Cutler
82.2%
8,801Aaron Rodgers
80.4%
26,792Kerry Collins
79.6%
21,466Steve McNair
78.7%
7,029Alex Smith
78.4%
24,153Daunte Culpepper
75.4%
18,645Drew Bledsoe
75.3%
17,804Chad Pennington
73.8%
22,814Marc Bulger
73.2%
19,371Jake Delhomme
71%
6,356Matt Ryan
70.7%
22,993Jeff Garcia
70.5%
6,584Joe Flacco
70.5%
9,121Kyle Orton
69.5%
6,843Vince Young
69.3%
11,087Matt Schaub
69.3%
25,034Trent Green
69%
13,269David Garrard
67.8%
18,586Brad Johnson
67.7%
4,219Rob Johnson
67.5%
2,600Doug Johnson
67.4%
Yards Player % Correct
6,870Matt Cassel
67.1%
22,399Jon Kitna
66.1%
21,202Jake Plummer
65.7%
13,745Rich Gannon
64.6%
14,366David Carr
63.2%
6,197Rex Grossman
61.9%
16,356Mark Brunell
61.2%
4,104Ryan Fitzpatrick
59.9%
2,444Mark Sanchez
58.2%
10,860Jason Campbell
58%
13,658Vinny Testaverde
57%
3,643Tarvaris Jackson
56.8%
10,218Byron Leftwich
55.9%
20,261Aaron Brooks
55.8%
2,267Matthew Stafford
54.1%
7,083Derek Anderson
49.6%
2,945Chad Henne
49.3%
4,083JaMarcus Russell
48.8%
5,915Charlie Batch
45.3%
14,693Joey Harrington
45.2%
7,549Trent Dilfer
44.4%
7,542Kordell Stewart
42.6%
8,684Tim Couch
42.3%
16,406Brian Griese
40%
3,893Matt Leinart
39.2%
6,630Doug Flutie
38%
7,139Tommy Maddox
37.9%
8,745Kyle Boller
37.4%
6,211J.P. Losman
36.3%
5,498Trent Edwards
34.6%
6,337Quincy Carter
32.2%
11,147Jay Fiedler
29.4%
7,202Elvis Grbac
29.4%
6,584Josh McCown
28.6%
Yards Player % Correct
7,619Chris Chandler
27.9%
3,547Seneca Wallace
27.6%
4,070A.J. Feeley
24.2%
9,405Gus Frerotte
23.4%
2,824Bruce Gradkowski
22.7%
3,746Billy Volek
22.4%
3,490Shaun Hill
22.4%
3,117Chris Simms
21.7%
2,377Ryan Leaf
20.6%
4,625Jim Miller
19.8%
3,904Chris Weinke
18.4%
3,691Shaun King
18.3%
4,156Sage Rosenfels
18%
4,846Tony Banks
17.9%
2,732Tyler Thigpen
16.5%
5,930Patrick Ramsey
16.5%
5,462Kelly Holcomb
16.3%
2,971Chris Redman
16.2%
2,185Cleo Lemon
15.4%
5,044Steve Beuerlein
13.8%
6,537Jeff Blake
13.8%
4,930Damon Huard
13.5%
4,154Charlie Frye
12.8%
2,652Rodney Peete
11.3%
2,466Chad Hutchinson
10.8%
2,226Brooks Bollinger
10.5%
2,867Mike McMahon
10.4%
4,853Tim Rattay
10.1%
3,590Anthony Wright
8.9%
2,953Shane Matthews
7.8%
3,218Jamie Martin
7.7%
2,177Alex Van Pelt
5.9%

You're not logged in!

Compare scores with friends on all Sporcle quizzes.
Sign Up with Email
OR
Log In

You Might Also Like...

Show Comments

Extras

Top Quizzes Today


Score Distribution

Your Account Isn't Verified!

In order to create a playlist on Sporcle, you need to verify the email address you used during registration. Go to your Sporcle Settings to finish the process.